Un món d'emocions al Bibliobús La Mola : Que hi vols entrar? Que hi vols entrar?
Descripción Física:
1 punt de llibre ; il. col. ; 19 x 5 cm.
Materias:
Bibliobús La Mola
; Bibliobusos -- Barcelona (Província) -- Activitats culturals
; Punts de llibre
Idioma:
Catalán
MARC
| LEADER | 00000nrm a22000007a 4500 | ||
|---|---|---|---|
| 001 | 27221 | ||
| 003 | Arxiu | ||
| 005 | 20260324181149.0 | ||
| 008 | 230109b spa||||| |||| 00| 0 cat d | ||
| 017 | |a B 5997-2015 | ||
| 040 | |a agdb |b cat | ||
| 041 | |a cat | ||
| 245 | |a Un món d'emocions al Bibliobús La Mola : |b Que hi vols entrar? | ||
| 260 | |a Barcelona : |b Xarxa de Biblioteques Municipals ; |c 2015 | ||
| 300 | |a 1 punt de llibre ; |b il. col. ; |c 19 x 5 cm. | ||
| 610 | 2 | 0 | |9 52878 |a Bibliobús La Mola |
| 650 | 0 | |a Bibliobusos |z Barcelona (Província) |x Activitats culturals |9 49254 | |
| 655 | 0 | |9 52700 |a Punts de llibre | |
| 710 | 1 | |9 52650 |a Barcelona (Catalunya : Província). |b Xarxa de Biblioteques Municipals | |
| 942 | |2 udc |c ARXIU |n 1 | ||
| 952 | |0 0 |1 0 |2 udc |4 0 |6 NBM16141 |7 1 |9 64963 |a Arxiu |b Arxiu |d 2023-01-09 |l 0 |o NBM-16-141 |p 27221 |r 2023-01-09 00:00:00 |w 2023-01-09 |y ARXIU | ||
| 999 | |c 82923 |d 82923 | ||